Głoski dźwięczne i bezdźwięczne - Statystyki

Ogólne statystyki
  • Ten quiz został rozwiązany 140 razy
  • Średni wynik to 7 z 10
Statystyki odpowiedzi
Hint Odpowiedź % Poprawnych
b
p
77%
z
s
76%
d
t
73%
cz
71%
g
k
71%
ż | rz
sz
71%
w
f
67%
ć1
61%
ź
ś1
58%
dz
c
44%
Nie znaleziono quizów pasujących do podanych kryteriów
Rozkład punktacji
Procent ludzi z każdym wynikiem
Percentyl według liczby udzielonych odpowiedzi
Twoja historia wyników
Nie rozwiązałeś tego quizu